000 00826nas a2200265 4500
001 BR2013007203
003 BR-BrBNA
005 20231205122937.0
007 ta
008 230509b bl.|||p| |||| 00| 00por d
040 _aBR-BrBNA
_bpor
_cBiblioteca Nacional de Agricultura
041 _a(En)
072 _aQ04; Q05
100 1 _aSilva Junior, E. da
100 1 _aLannes, S.C. da S.
245 1 _aEffect of different sweetener blends and fat types on ice cream properties
650 _aSORVETE
650 _aGORDURA
650 _aXAROPE
650 _aFUSÃO
773 0 _tCiência e Tecnologia de Alimentos (Brazil)
_xISSN 1678-457X
_g(Jan-Mar 2011), v. 31(1) p. 217-220
_wBR2013007203
856 4 0 _uhttp://www.scielo.br/pdf/cta/v31n1/33.pdf
909 _a202311
_bLúcia
_c55
_dLúcia Elande
942 _2AGRIS
_n0
_cANA
999 _c231384
_d231384